Responses for Show #4986 - Monday, April 24, 2006

Doug Dorst game 3.

Contestants

[<< previous game]

Jacqueline Lovell, a teacher from Santa Barbara, California

Greg Little, a science analyst from North Plainfield, New Jersey

Doug Dorst, a writer and professor from Austin, Texas (whose 2-day cash winnings total $51,201)

[next game >>]

Jeopardy! Round responses

1957
MOVIE TITLE TRANSLATIONS
YOU CAN COUNT ON PREFIXES
AROUND THE HORN
PASTA NAMES
THAT IS SO "P.C."
    $200 11
the Brooklyn Dodgers

Doug
    $200 1
Big

Jacqueline
    $200 21
a monorail

Jacqueline
    $200 26
(Greg: Uh, what is Argentina?)

Chile

DougGreg
    $200 6
a corkscrew

Doug
    $200 16
Peter Cottontail

Doug
    $400 12
Cape Canaveral

Greg
    $400 2
(Jacqueline: I don't know!)
(Alex: Oh, that's too bad!)
(Jacqueline: I'm sorry!)

Wayne's World

DougJacqueline
    $400 22
a tripod

Greg
    $400 27
(Greg: Uh, what are the Hebrides?)
(Doug: [*]?)
(Alex: That's it, yes.)
[Doug's response was accepted without the proper phrasing, without Alex so much as prompting him.]

the Shetlands

DougGreg
    $400 7
the comb

Jacqueline
    $400 17
Pooh Corner

Doug
    $600 13
Prime Minister (of Britain)

Greg
    $600 3
Romancing the Stone

Doug
    $600 23
quintuplets

Jacqueline
    $600 28
Magellan

Doug
    $600 8
Gigli

Jacqueline
    $600 18
the Panama Canal

Doug
    $800 14
John Foster Dulles

Triple Stumper
    $800 4
Daddy Day Care

Triple Stumper
    $800 24
a quadruped

Greg
    $800 29
Tierra del Fuego

Doug
    $800 9
ears

Greg
    $800 19
Patsy Cline

Greg
    $1000 15
(Greg: What is Malaysia?)
...
(Alex: Yes, the Dutch were very influential in the development of [*].)

Indonesia

GregJacqueline
    $1000 5
Anger Management

Doug
    $1000 25
a centennial

Jacqueline
    $1000 30
(Jacqueline: What is the Galapagos?)

Patagonia

Jacqueline
Triple Stumper
    $1,000 10
(Greg: What are ziti?)

penne

Greg
    $1000 20
Paddy Chayefsky

Greg

Scores at the first commercial break (after clue 15):

Doug Greg Jacqueline
$2,400 -$200 $1,800

Scores at the end of the Jeopardy! Round:

Doug Greg Jacqueline
$5,600 $2,200 $2,600

Double Jeopardy! Round responses

AFRICAN-AMERICAN LITERATURE
NATIONAL HOCKEY LEAGUE
SCI. ABBREV.
THE QUOTABLE MAO
BIG FISH
A CATEGORY WITH "FIN"s
    $400 1
(Ralph) Ellison

Jacqueline
    $400 19
Goalie

Greg
    $400 21
twice a day

Doug
    $400 14
tigers

Doug
    $400 9
a great white

Doug
    $400 2
a fingerprint

Jacqueline
    $800 7
Toni Morrison

Jacqueline
    $800 25
(Jacqueline: Who are the Blackhawks--Chicago Blackhawks?)

Montreal Canadiens

DougJacqueline
    $800 22
international units

Doug
    $800 15
the barrel of a gun

Triple Stumper
    $800 10
a halibut

Jacqueline
    $800 3
financial

Doug
    $2,000 8
(Alex: Answer: Daily Double.)
(Jacqueline: Oh, my goodness!)
(Alex: Don't be intimidated.)
(Jacqueline: $2,000, please.)
...
(Jacqueline: Oh, my goodness. [Scrunches face, then, whispering to herself:] [*].)
(Alex: Give me a response.)
(Jacqueline: Morrison! [Keeps her eyes scrunched closed])
(Alex: Whew. The clue said "This 1983 Pulitzer Prize winner is written..." We were going for [*].)
(Jacqueline: My bad.)
(Alex: Aw, it's all right. That's all right. Sorry about that. Go again, though.)

The Color Purple

Jacqueline
    $1200 26
Madison Square Garden

Greg
    $1200 23
solid rocket booster

Triple Stumper
    $1200 16
a revolution

Doug
    $2,000 11
(Alex: The answer is the other Daily Double.)
(Jacqueline: Oh goodness!)
(Alex: You now have $3,000; you're in third place.)
(Jacqueline: Let's try $2,000 again.)
(Alex: $2,000 again? All right. Be careful now!)
(Jacqueline: Yes, sir!)
(Alex: Listen to the clue!)

a carp

Jacqueline
    $1200 4
finicky

Greg
    $1600 20
Terry McMillan

Triple Stumper
    $1600 29
"The Rocket"

Doug
    $1600 24
chlorofluorocarbons

Doug
    $1600 17
man

Triple Stumper
    $1600 12
a bluefin

Jacqueline
    $1600 5
to finagle

Doug
    $2000 27
(Greg: Who is Nat Turner?)

Joe Turner

Greg
Triple Stumper
    $2000 30
(Alex: Yes, one of the great moments in NHL history.)

Bobby Orr

Doug
    $2000 28
an anti-inflammatory drug

Greg
    $2000 18
a hammer

Doug
    $2000 13
a pike

Jacqueline
    $2000 6
Finnegan

Doug

Scores at the end of the Double Jeopardy! Round:

Doug Greg Jacqueline
$21,200 $5,000 $7,800
(lock game)

[wagering suggestions for these scores]

Final Jeopardy! Round responses

ROCKS & MINERALS
(Alex: Now, ladies and gentlemen, where do you most often see the word Ticonderoga? I have a feeling that at least one of our players came up with a correct response.)
...
(Alex: [After Jacqueline's response is revealed] The Dixon Ticonderoga pencil has a lead of [*].)
GregWhat is magnesium
$5,000
JacquelineWhat is graphite?
$7,700
DougWhat is limeston?
$5,599
graphite

Final scores:

Doug Greg Jacqueline
$15,601 $0 $15,500
3-day champion: $66,802 3rd place: $1,000 2nd place: $2,000

Game dynamics:

Coryat scores:

Doug Greg Jacqueline
$21,200 $6,000 $9,000
25 R,
0 W
11 R,
5 W
(including 1 DD)
14 R
(including 1 DD),
4 W
(including 1 DD)

Combined Coryat: $36,200

[game clues] [game scores] [suggest correction]

Game tape date: Unknown
The J! Archive is created by fans, for fans. Scraping, republication, monetization, and malicious use prohibited; this site may use cookies and collect identifying information. See terms. The Jeopardy! game show and all elements thereof, including but not limited to copyright and trademark thereto, are the property of Jeopardy Productions, Inc. and are protected under law. This website is not affiliated with, sponsored by, or operated by Jeopardy Productions, Inc. Join the discussion at JBoard.tv.